[Event "Sevilla op"]
[Site "Sevilla"]
[Date "1990.??.??"]
[Round "?"]
[White "Granda Zuniga, Julio E"]
[Black "Kudrin, Sergey"]
[Result "1-0"]
[WhiteElo "2510"]
[BlackElo "2565"]

1.Nf3 c5 2.c4 Nf6 3.Nc3 b6 4.e3 Bb7 5.d4 cxd4 6.exd4 e6 7.Bd3 Be7 8.O-O O-O
9.d5 Bb4 10.Ne4 exd5 11.cxd5 Nxd5 12.Neg5 Nf6 13.Nxh7 Nxh7 14.Bxh7+ Kxh7
15.Ng5+ Kg8 16.Qh5 Be4 17.Nxe4 Qc7 18.Nf6+ gxf6 19.Qg4+ Kh7 20.Qh4+ Kg8 21.Bh6 Qc2
22.Rac1 Qg6 23.Rc4 f5 24.Rxb4 Re8 25.Rb3 Re4 26.Qd8+ Kh7 27.Rh3 f6 28.Qf8  1-0

[Event "Buenos Aires Najdorf"]
[Site "Buenos Aires"]
[Date "1991.??.??"]
[Round "2"]
[White "Ricardi, Pablo"]
[Black "Granda Zuniga, Julio E"]
[Result "0-1"]
[WhiteElo "2435"]
[BlackElo "2550"]

1.d4 Nf6 2.Nf3 e6 3.c4 d5 4.g3 Be7 5.Bg2 O-O 6.O-O dxc4 7.Qc2 a6 8.Qxc4 b5
9.Qc2 Bb7 10.Bf4 Nd5 11.Nc3 Nxf4 12.gxf4 Nd7 13.Rfd1 Qc8 14.Ne4 f5 15.Nc5 Nxc5
16.dxc5 Be4 17.Qb3 c6 18.Ne5 Bd5 19.Qe3 Bf6 20.Rd2 Qc7 21.Nf3 Rfe8 22.Nd4 Kh8
23.a4 b4 24.Rad1 Rac8 25.b3 a5 26.Bxd5 exd5 27.Qh3 Bxd4 28.Rxd4 Rxe2 29.Qxf5 Rce8
30.R1d3 Qe7 31.Rh3 g6 32.Qg5 Re1+ 33.Kg2 Qe2 34.Qf6+ Kg8 35.Rf3 Qf1+  0-1

[Event "Buenos Aires Najdorf"]
[Site "Buenos Aires"]
[Date "1991.??.??"]
[Round "4"]
[White "Boissonet, Carlos P"]
[Black "Granda Zuniga, Julio E"]
[Result "1-0"]
[WhiteElo "2400"]
[BlackElo "2550"]

1.d4 Nf6 2.c4 e6 3.Nc3 Bb4 4.Qc2 c5 5.dxc5 Na6 6.a3 Bxc3+ 7.Qxc3 Nxc5 8.b4 Nce4
9.Qd4 d5 10.cxd5 exd5 11.Bb2 O-O 12.e3 Bf5 13.Nf3 Nd6 14.Be2 Rc8 15.O-O Rc2
16.Bd1 Rc8 17.Be2 Nc4 18.Rac1 Nxb2 19.Qxb2 Qd7 20.Nd4 Bg6 21.h3 h6 22.Rxc8 Rxc8
23.Rc1 Bf5 24.Bb5 Rxc1+ 25.Qxc1 Qc8 26.Qxc8+ Bxc8 27.Bd3 Ne8 28.Nb5 a6 29.Nc3 Nc7
30.h4 Kf8 31.Kf1 Ke7 32.Ke2 Kd6 33.Bc2 g5 34.hxg5 hxg5 35.Kd2 Ke5 36.Ne2 Ne8
37.Nd4 Nd6 38.Bd3 Bd7 39.Kc3 Bg4 40.a4 Bh5 41.a5 f5 42.b5 axb5 43.Nxb5 Nf7
44.Kb4 f4 45.Kc5 fxe3 46.fxe3 g4 47.g3 Ng5 48.Kb6 Ne4 49.Kxb7 Be8 50.Bxe4 Bxb5
51.Bc2 d4 52.exd4+ Kxd4 53.Bd1 Ke3 54.Bxg4 Kf2 55.Kb6 Bd3 56.Bd7 Kxg3 57.Bb5 Be4
58.a6  1-0

[Event "Buenos Aires Najdorf"]
[Site "Buenos Aires"]
[Date "1991.??.??"]
[Round "5"]
[White "Granda Zuniga, Julio E"]
[Black "Amura, Claudia Noemi"]
[Result "1-0"]
[WhiteElo "2550"]
[BlackElo "2405"]

1.d4 d5 2.c4 e6 3.Nc3 Be7 4.Nf3 Nf6 5.Bg5 O-O 6.e3 Nbd7 7.cxd5 Nxd5 8.Bxe7 Qxe7
9.Bd3 N5f6 10.O-O e5 11.Qc2 c5 12.Rad1 b6 13.d5 Bb7 14.d6 Qd8 15.Ng5 h6 16.Nge4 Kh8
17.Ng3 Rc8 18.Bc4 g6 19.Qe2 Ne8 20.f4 exf4 21.exf4 Nef6 22.f5 g5 23.Qe7 Ng8
24.f6 Nxe7 25.fxe7 Qe8 26.Rde1 f6 27.exf8=Q+ Qxf8 28.Re7 Bc6 29.Be6 Rd8 30.Nh5 a6
31.Bxd7 Rxd7 32.Rxf6 Qxf6 33.Re8+  1-0

[Event "Buenos Aires Najdorf"]
[Site "Buenos Aires"]
[Date "1991.??.??"]
[Round "6"]
[White "Larsen, Bent"]
[Black "Granda Zuniga, Julio E"]
[Result "1/2-1/2"]
[WhiteElo "2560"]
[BlackElo "2550"]

1.Nf3 Nf6 2.c4 c5 3.Nc3 Nc6 4.g3 e6 5.Bg2 d5 6.cxd5 exd5 7.d4 Be7 8.O-O O-O
9.dxc5 Bxc5 10.Bg5 d4 11.Na4 Be7 12.Rc1 Be6 13.Bxf6 Bxf6 14.Nc5 Qe7 15.Qa4 Bd5
16.Rfe1 Rad8 17.Nd3 Rd6 18.a3 Rfd8 19.h4 g6 20.Kf1 a6 21.Qc2 Bg7 22.Qd2 Qf8
23.Rb1 Bh6 24.Qd1 Na5 25.b3 Rb6 26.b4 Nc4 27.Ra1 Qd6 28.Kg1 Re8 29.Kh2 Qf6
30.Ng1 Bxg2 31.Kxg2 Rbe6 32.Nf3 b6 33.a4 Nd6 34.a5 Nb5 35.axb6 Nc3 36.Qb3 Rxb6
37.Qc4 Bg7 38.Nc5 Qc6 39.Rxa6 Rxa6 40.Qxa6 Qxa6 41.Nxa6 Ra8 42.Nc5 Rb8 43.Nd3 Rb6
44.Kf1 Bf6 45.Ra1 Nd5 46.Rb1 h5 47.Nfe1 Nc3 48.Rb2 Kf8 49.Nc2 Ke7 50.Ke1 Kd6
51.Rb3 Rc6 52.Nc5 Kd5 53.Kd2 Bg7 54.Kd3 Nd1 55.e4+ dxe3 56.fxe3 f5 57.Nd4 Rb6
58.Nf3 Nf2+ 59.Ke2 Ne4 60.Nxe4 fxe4 61.Nd2 Be5 62.Kf2 Rf6+  1/2-1/2

[Event "Buenos Aires Najdorf"]
[Site "Buenos Aires"]
[Date "1991.??.??"]
[Round "10"]
[White "Granda Zuniga, Julio E"]
[Black "Fedorowicz, John P"]
[Result "1-0"]
[WhiteElo "2550"]
[BlackElo "2555"]

1.d4 Nf6 2.Nf3 g6 3.c4 Bg7 4.Nc3 O-O 5.e4 d6 6.Be2 e5 7.Be3 Ng4 8.Bg5 f6
9.Bh4 g5 10.Bg3 Nh6 11.dxe5 dxe5 12.Qd5+ Nf7 13.h4 Qe7 14.hxg5 fxg5 15.O-O-O c6
16.Qa5 Na6 17.Ne1 Nc5 18.Qa3 Re8 19.f3 Ne6 20.Qxe7 Rxe7 21.Nc2 Nd4 22.Bf2 Rd7
23.Bd3 Nxc2 24.Kxc2 Rd8 25.Be2 Rxd1 26.Nxd1 Bf8 27.Be3 Be6 28.Nf2 Be7 29.b3 Kg7
30.Nd3 b6 31.a4 c5 32.a5 Rb8 33.Bd2 Bf6 34.Bc3 Rb7 35.Ra1 Kf8 36.f4 gxf4
37.Nxf4 Ng5 38.Nh5 Bd8 39.axb6 Bxb6 40.Bxe5 Nxe4 41.Bd3 Ng5 42.Bd6+ Kg8 43.Re1 h6
44.Nf6+ Kg7 45.Be5 Kf7 46.Rh1 Bc7 47.Bc3 Rb6 48.Rxh6 Ke7 49.Rg6 Nf7 50.Rg7 Ra6
51.Ne4 Bd6 52.Kb2 Kf8 53.Rg6 Be7 54.Nf6 Bxf6 55.Rxf6 Ke7 56.Rf3 Rd6 57.Re3 Kd7
58.Be2 Rb6 59.g4 Nd6 60.Kc2 Bf7 61.Bd3 Rb8 62.g5 Ra8 63.g6 Bg8 64.Be2 Be6
65.g7 Rg8 66.Rxe6  1-0

[Event "Buenos Aires Najdorf"]
[Site "Buenos Aires"]
[Date "1991.??.??"]
[Round "12"]
[White "Granda Zuniga, Julio E"]
[Black "Dolmatov, Sergey"]
[Result "1/2-1/2"]
[WhiteElo "2550"]
[BlackElo "2620"]

1.d4 Nf6 2.c4 g6 3.Nc3 Bg7 4.e4 d6 5.f3 O-O 6.Be3 e5 7.Nge2 c6 8.Qd2 exd4
9.Nxd4 Re8 10.Be2 d5  1/2-1/2

[Event "Buenos Aires Najdorf"]
[Site "Buenos Aires"]
[Date "1991.??.??"]
[Round "13"]
[White "Cifuentes Parada, Roberto"]
[Black "Granda Zuniga, Julio E"]
[Result "1-0"]
[WhiteElo "2510"]
[BlackElo "2550"]

1.d4 Nf6 2.Nf3 e6 3.Bg5 d5 4.Nbd2 Be7 5.e3 c5 6.c3 Nc6 7.Bd3 Nd7 8.Bxe7 Qxe7
9.O-O O-O 10.Re1 Rd8 11.Qe2 g6 12.Rad1 c4 13.Bc2 f5 14.Ba4 Ncb8 15.Bxd7 Nxd7
16.b3 b5 17.bxc4 bxc4 18.Ne5 Nxe5 19.dxe5 Bd7 20.Nf3 Rab8 21.Rb1 Qc5 22.Rb2 Rb6
23.Reb1 Rdb8 24.h4 h6 25.Nd4 Rxb2 26.Rxb2 Qc7 27.f4 Rb6 28.Qd2 h5 29.Qc1 Kf7
30.Rxb6 Qxb6 31.Kh2 Ke8 32.Qa3 Bc8 33.Qb4 Qxb4 34.cxb4 c3 35.Kg3 Ba6 36.Kf2 Kd7
37.Ke1 Bc4 38.a3 Bd3 39.Kd1 Be4 40.g3 Bd3 41.Kc1 Ke7 42.Nb3 Kf7 43.Nc5 Be4
44.b5 Ke7 45.a4  1-0

[Event "Dos Hermanas"]
[Site "Dos Hermanas"]
[Date "1991.??.??"]
[Round "?"]
[White "Rodriguez Talavera, Juan Carlos"]
[Black "Granda Zuniga, Julio E"]
[Result "0-1"]
[WhiteElo "2365"]
[BlackElo "2550"]

1.e4 Nf6 2.e5 Nd5 3.d4 d6 4.c4 Nb6 5.f4 dxe5 6.fxe5 Nc6 7.Be3 Bf5 8.Nc3 e6
9.Nf3 Be7 10.Be2 O-O 11.O-O f6 12.exf6 Bxf6 13.Qd2 Qe8 14.Bg5 Rd8 15.Bxf6 Rxf6
16.c5 Nd5 17.Nxd5 Rxd5 18.Bc4 Rd8 19.Qe3 Qh5 20.h3 Kh8 21.Be2 Qh6 22.Qxh6 gxh6
23.Rad1 Be4 24.Ne5 Nxd4 25.Bc4 Kg7 26.Rxf6 Kxf6 27.Ng4+ Ke7 28.Kf2 h5 29.Ne3 h4
30.Bd3 Rf8+ 31.Ke1 Rf4 32.Bxe4 Rxe4 33.Kd2 Nc6 34.Rf1 Ne5 35.b3 a5 36.a3 h5
37.Rb1 Nc6 38.Kd3 Rf4 39.Re1 Kf6 40.Re2 a4 41.b4 Nd4 42.Rd2 Nb5 43.Nc2 e5
44.Ke3 Rc4 45.Rf2+ Ke6 46.Kd2 Rc3 47.Rf8 Rg3 48.Rb8 Rxg2+ 49.Kc1 Rg3 50.Rxb7 Rxh3
51.Rb8 Nxa3 52.Rh8 Nc4  0-1

[Event "Dos Hermanas"]
[Site "Dos Hermanas"]
[Date "1991.??.??"]
[Round "?"]
[White "Sanz Alonso, Francisco Javier"]
[Black "Granda Zuniga, Julio E"]
[Result "1-0"]
[WhiteElo "2415"]
[BlackElo "2550"]

1.e4 c5 2.Nf3 Nc6 3.Bb5 g6 4.O-O Bg7 5.c3 Nf6 6.Re1 O-O 7.d3 d6 8.Nbd2 Bd7
9.Nf1 a6 10.Ba4 b5 11.Bb3 Rc8 12.h3 Qc7 13.Bg5 h6 14.Bh4 Nh5 15.Qd2 g5 16.Bg3 Ne5
17.N3h2 Ng6 18.Bd1 Nhf4 19.h4 Nxd3 20.Qxd3 gxh4 21.Bxh4 Nxh4 22.Qg3 Ng6 23.f4 Kh7
24.Ne3 e6 25.Nf3 c4 26.Bc2 f5 27.exf5 exf5 28.Rad1 Rce8 29.Nd4 Qc5 30.Qf2 Bxd4
31.Rxd4 Bc6 32.Red1 Rf6 33.R1d2 Rg8 34.Kh2 Kh8 35.Nd5 Bxd5 36.Rxd5 Qxf2 37.Rxf2 Ne7
38.Rdd2 Kg7 39.Bd1 Re6 40.Bf3 Kf6 41.Rfe2 Rxe2 42.Rxe2 d5 43.g3 Rd8 44.Rd2 Ke6
45.Re2+ Kd6 46.Re5 Rf8 47.Kg2 Rf6 48.Re1 Re6 49.Rd1 a5 50.a3 b4 51.axb4 axb4
52.Kf2 bxc3 53.bxc3 Kc5 54.Ra1 Rb6 55.Ra7 Kd6 56.Bd1 Rb2+ 57.Ke3 d4+ 58.cxd4 Nd5+
59.Kf3 Nc3 60.Ba4 Nxa4 61.Rxa4 Rb3+ 62.Kf2 Kd5 63.Ra5+ Kxd4 64.Ke2 Rxg3 65.Rxf5 Rg6
66.Kd2 Rc6 67.Rh5 Ke4 68.Rh4 c3+ 69.Kc2 Kf5 70.Kc1 c2 71.Rh5+ Kxf4 72.Rh1 Kg5
73.Rg1+ Kf6 74.Rh1 Kg6 75.Rg1+ Kh7 76.Rh1 Rc5  1-0

[Event "Dos Hermanas"]
[Site "Dos Hermanas"]
[Date "1991.??.??"]
[Round "?"]
[White "Goldin, Alexander"]
[Black "Granda Zuniga, Julio E"]
[Result "1-0"]
[WhiteElo "2565"]
[BlackElo "2550"]

1.c4 c5 2.g3 Nf6 3.Bg2 e6 4.Nf3 Be7 5.O-O O-O 6.d4 cxd4 7.Nxd4 a6 8.e4 d6
9.Nc3 Qc7 10.Qe2 Nbd7 11.Be3 Re8 12.Rac1 Bf8 13.h3 Nc5 14.b4 Ncd7 15.Nb3 Qb8
16.c5 e5 17.Rfd1 Re6 18.Nd5 dxc5 19.bxc5 a5 20.a4 Rc6 21.Qb5 Ne8 22.Nxa5 Rca6
23.Nc4 Rxa4 24.Ndb6 Nc7 25.Nxd7 Nxb5 26.Nxb8 Rxb8 27.Nb6 Rd4 28.Bxd4 Nxd4
29.Kh2 Be6 30.Rc3 Nb5 31.Rcc1 Nd4 32.Rd3 Nb3 33.Rcd1 Nxc5 34.Rd8 Rxd8 35.Rxd8 g6
36.Nd5 Kg7 37.f3 Bxd5 38.Rxd5 Kf6 39.Rd8 Be7 40.Rc8 Ne6 41.Rb8 Nc5 42.Bf1 Bd6
43.Rh8 Ne6 44.Rc8 Nd4 45.Kg2 b5 46.Ra8 h5 47.h4 b4 48.Ra6 Ke7 49.Ra7+ Kf6
50.Bc4 Ne6 51.Rd7 Bc5 52.g4 g5 53.gxh5 gxh4 54.Bxe6  1-0

[Event "Dos Hermanas"]
[Site "Dos Hermanas"]
[Date "1991.??.??"]
[Round "?"]
[White "Granda Zuniga, Julio E"]
[Black "Bass, Leonid"]
[Result "1-0"]
[WhiteElo "2550"]
[BlackElo "2500"]

1.d4 Nf6 2.c4 g6 3.Nc3 Bg7 4.e4 d6 5.f3 O-O 6.Be3 c5 7.dxc5 dxc5 8.Qxd8 Rxd8
9.Bxc5 Nc6 10.Nge2 Nd7 11.Ba3 Nb6 12.b3 Ne5 13.Kf2 Nd3+ 14.Ke3 Ne5 15.Kf2 Nd3+
16.Kg1 Nf4 17.Rd1 Be6 18.Nd5 Bxd5 19.exd5 Bh6 20.Nxf4 Bxf4 21.g3 Be3+ 22.Kg2 e6
23.Rd3 Bh6 24.dxe6 fxe6 25.Be7 Re8 26.Bc5 e5 27.Be2 Bf8 28.Bf2  1-0

[Event "Dos Hermanas"]
[Site "Dos Hermanas"]
[Date "1991.??.??"]
[Round "?"]
[White "Granda Zuniga, Julio E"]
[Black "Garcia, Alb"]
[Result "1/2-1/2"]
[WhiteElo "2550"]
[BlackElo "2270"]

1.d4 Nf6 2.c4 g6 3.Nf3 Bg7 4.Nc3 O-O 5.e4 d6 6.Be2 e5 7.Be3 Ng4 8.Bg5 f6
9.Bh4 c6 10.h3 Nh6 11.c5 exd4 12.Qxd4 dxc5 13.Qxc5 Nd7 14.Qe3 Qe7 15.O-O Nf7
16.Rad1 Re8 17.Rfe1 Qc5 18.Qd2 Nb6 19.Qc1 Bd7 20.Bxf6 Bxf6 21.Nd5 Be7 22.Nf6+ Kg7
23.Qxc5 Bxc5 24.Nxd7 Bb4 25.Nxb6 axb6 26.Rd7 Bxe1 27.Bc4 Bb4 28.Rxf7+ Kh8
29.e5 Re7 30.Rf4 b5 31.Bxb5 Bd2 32.Nxd2 cxb5 33.Nf3 Ra4 34.b4 Rxa2 35.Rd4 Rc2
36.Rd5 Kg7 37.Rxb5 Rb2 38.Ng5 Re2 39.Nf3 Rb2 40.h4 h6 41.Rb6 Rd7 42.g4 Rf7
43.Kg2 Rf4 44.Rxb7+ Kg8 45.Kg3 Rbxb4 46.Rxb4 Rxb4 47.Nh2 Re4 48.f4 g5 49.hxg5 hxg5
50.f5 Rxe5 51.Nf3 Re3 52.Kf2 Re4 53.Kg3 Re3 54.Kf2  1/2-1/2

[Event "Dos Hermanas"]
[Site "Dos Hermanas"]
[Date "1991.??.??"]
[Round "?"]
[White "Granda Zuniga, Julio E"]
[Black "Hidalgo Mateos, Juan Jose"]
[Result "1-0"]
[WhiteElo "2550"]
[BlackElo "2220"]

1.e4 c5 2.Nf3 Nc6 3.Bb5 g6 4.O-O Bg7 5.Re1 Nf6 6.c3 O-O 7.h3 a6 8.Bf1 d6
9.d4 e5 10.dxc5 dxc5 11.Qxd8 Rxd8 12.Nbd2 b5 13.a4 Rb8 14.Nb3 c4 15.axb5 axb5
16.Na5 Nxa5 17.Rxa5 Ne8 18.Be3 f6 19.Nd2 Nd6 20.f3 Be6 21.Rea1 Bf8 22.Ra6 Bf7
23.Kf2 Be7 24.Ke1 f5 25.Bc5 Rd7 26.Ra8 Rxa8 27.Rxa8+ Kg7 28.Rb8 Nb7 29.Bxe7 Rxe7
30.Be2 Rd7 31.Nb1 fxe4 32.fxe4 Nd6 33.Na3 Nxe4 34.Rxb5 Nd6 35.Rb6 Bd5 36.g4 Kf7
37.Nc2 Ke7 38.Nb4 Bb7 39.Kf2 g5 40.Ke3 h6 41.Bd1 Rc7 42.Bf3 Bxf3 43.Kxf3 Ke6
44.Ra6 Rf7+ 45.Ke2 Rf4 46.Nc2 Rf8 47.Ne3 Kd7 48.Rb6 Rf4 49.Ng2 Rf8 50.Ne1 Ke6
51.Nc2 Ke7 52.Ne3 Kd7 53.b3 cxb3 54.Rxb3 Kc6 55.Ra3 e4 56.Ra6+ Kc7 57.c4 Rf3
58.Nd5+ Kd7 59.c5 Nb5 60.Ke1 Rxh3 61.Rb6 Na7 62.Rd6+ Ke8 63.c6 Nc8 64.Rd7 Rd3
65.Ke2 Kf8 66.Rd8+ Kg7 67.c7 Na7 68.Ra8 Rxd5 69.Rxa7 Rd7 70.Rb7  1-0

[Event "Dos Hermanas"]
[Site "Dos Hermanas"]
[Date "1991.??.??"]
[Round "?"]
[White "Granda Zuniga, Julio E"]
[Black "Rodriguez, Antonio"]
[Result "1-0"]
[WhiteElo "2550"]
[BlackElo "2325"]

1.d4 Nf6 2.c4 d6 3.Nf3 Bg4 4.Nbd2 e6 5.g3 c6 6.Bg2 Be7 7.O-O O-O 8.b3 Nbd7
9.Bb2 a5 10.a3 b5 11.e4 bxc4 12.bxc4 d5 13.Qe1 Rb8 14.Bc3 a4 15.e5 Ne8 16.Qd1 Ra8
17.h3 Bf5 18.c5 Nc7 19.Re1 f6 20.exf6 Bxf6 21.Rc1 Qb8 22.Re3 Re8 23.Qe2 Ra7
24.Re1 h6 25.Ba1 Rb7 26.Qd1 Qa8 27.Qc1 Qb8 28.Bf1 Qa8 29.Kg2 Qb8 30.Be2 Rf8
31.Bd1 Qa8 32.Bc2 Bxc2 33.Qxc2 Rfb8 34.Nh2 Nf8 35.Ng4 Ne8 36.Bc3 Rf7 37.Nf3 Rb3
38.Bd2 Rxe3 39.Rxe3 Qa6 40.Re1 Rb7 41.Bb4 Rf7 42.Qd2 Rb7 43.Re3 Rf7 44.Ba5 Qb5
45.Bb6 h5 46.Nge5 Bxe5 47.Nxe5 Rf5 48.Qe2 Qb1 49.Nxc6 Ng6 50.Qd3 Qxd3 51.Rxd3 Nf6
52.Re3 Kh7 53.f3 h4 54.g4 Rf4 55.Bc7  1-0

[Event "Dos Hermanas"]
[Site "Dos Hermanas"]
[Date "1991.??.??"]
[Round "?"]
[White "Granda Zuniga, Julio E"]
[Black "Montecatine, Ricardo"]
[Result "1-0"]
[WhiteElo "2550"]
[BlackElo "2320"]

1.d4 d5 2.c4 e6 3.Nc3 Nf6 4.Bg5 Nbd7 5.e3 c6 6.cxd5 exd5 7.Bd3 Be7 8.Nge2 O-O
9.Qc2 Re8 10.h3 Nf8 11.O-O-O b5 12.Kb1 a5 13.g4 a4 14.Ng3 Qa5 15.Nce2 Bd7
16.Nf5 Bxf5 17.Bxf5 g6 18.Bxf6 Bxf6 19.Qxc6 Bh4 20.Qxd5 Bxf2 21.Qf3 Bh4 22.Be4 Ra7
23.Bd5 Ne6 24.e4 Ree7 25.Rhf1 a3 26.b3 Rac7 27.Bxe6 Rxe6 28.d5 Rf6 29.Qd3 Rxf1
30.Rxf1 Bf6 31.d6 Rc6 32.e5  1-0

[Event "Las Palmas"]
[Site "Las Palmas"]
[Date "1991.??.??"]
[Round "1"]
[White "Granda Zuniga, Julio E"]
[Black "Topalov, Veselin"]
[Result "1/2-1/2"]
[WhiteElo "2550"]
[BlackElo "2455"]

1.Nf3 Nf6 2.g3 g6 3.Bg2 Bg7 4.O-O O-O 5.d4 d6 6.c4 Nfd7 7.Nc3 e5 8.e4 exd4
9.Nxd4 Nc5 10.Re1 Re8  1/2-1/2

[Event "Las Palmas"]
[Site "Las Palmas"]
[Date "1991.??.??"]
[Round "2"]
[White "Granda Zuniga, Julio E"]
[Black "Kortschnoj, Viktor"]
[Result "1-0"]
[WhiteElo "2550"]
[BlackElo "2615"]

1.d4 Nf6 2.c4 e6 3.Nc3 Bb4 4.Qc2 O-O 5.a3 Bxc3+ 6.Qxc3 b6 7.Bg5 Bb7 8.f3 d5
9.e3 Nbd7 10.Nh3 h6 11.Bh4 Re8 12.Nf2 c5 13.cxd5 g5 14.Bg3 Nxd5 15.Qd2 cxd4
16.Qxd4 e5 17.Qd2 Nc5 18.Bc4 b5 19.Ba2 Nf4 20.O-O-O Qxd2+ 21.Rxd2 Rac8 22.Kb1 Nxg2
23.Ng4 Bxf3 24.Nf6+ Kg7 25.Rf1 Ne4 26.Nxe8+ Rxe8 27.Rd7 g4 28.Bxf7 Rf8 29.Rxf3 gxf3
30.Bd5+ Kf6 31.Bxe4 Ke6 32.Rd3 f2 33.Bxg2 f1=Q+ 34.Bxf1 Rxf1+ 35.Ka2 Rf3
36.Rc3 Kd5 37.e4+ Kxe4 38.Rxf3 Kxf3 39.Bxe5  1-0

[Event "Las Palmas"]
[Site "Las Palmas"]
[Date "1991.??.??"]
[Round "7"]
[White "Santo Roman, Marc"]
[Black "Granda Zuniga, Julio E"]
[Result "1/2-1/2"]
[WhiteElo "2500"]
[BlackElo "2550"]

1.e4 d6 2.d4 Nf6 3.Nc3 g6 4.Bg5 Bg7 5.Qd2 c6 6.Bh6 Bxh6 7.Qxh6 Qa5 8.Bd3 Na6
9.Ne2 Nb4 10.O-O Nxd3 11.cxd3 Bd7 12.h3 Rg8 13.Qe3 g5 14.b4 Qxb4 15.Rab1 Qa5
16.Rxb7 Bc8 17.Rb2 Ba6 18.Rfb1 Nd7 19.Rb4 Nb6 20.R4b3 g4 21.hxg4 Rxg4 22.Qf3 Rg6
23.Nf4 Rf6 24.Qe3 Nd7 25.Rb4 c5 26.dxc5 dxc5 27.R4b3  1/2-1/2

[Event "Las Palmas"]
[Site "Las Palmas"]
[Date "1991.??.??"]
[Round "8"]
[White "Granda Zuniga, Julio E"]
[Black "Romero Holmes, Alfonso"]
[Result "0-1"]
[WhiteElo "2550"]
[BlackElo "2460"]

1.d4 e6 2.c4 Bb4+ 3.Nc3 Bxc3+ 4.bxc3 f5 5.g3 Nf6 6.Bg2 O-O 7.Rb1 Nc6 8.Nf3 d6
9.c5 Ne4 10.Qc2 b6 11.O-O Na5 12.Rd1 Ba6 13.Ne1 dxc5 14.Bf4 Bb7 15.f3 Nf6
16.dxc5 Qe7 17.Nd3 Nd5 18.c4 Nxf4 19.gxf4 Ba6 20.Rb4 Rad8 21.e3 Rd7 22.Bf1 Rfd8
23.Qc3 e5 24.fxe5 Qg5+ 25.Kf2 Qh4+ 26.Kg1 Qg5+ 27.Kf2 Qh4+ 28.Kg1 Nxc4 29.c6 Rd5
30.f4 Qg4+  0-1

[Event "ESP-chT"]
[Site "Linares"]
[Date "1991.??.??"]
[Round "6"]
[White "Granda Zuniga, Julio E"]
[Black "Illescas Cordoba, Miguel"]
[Result "1/2-1/2"]
[WhiteElo "2550"]
[BlackElo "2545"]

1.d4 d5 2.c4 c6 3.Nc3 Nf6 4.cxd5 cxd5 5.Bf4 Nc6 6.e3 a6 7.Bd3 Bg4 8.f3 Bh5
9.Rc1 Bg6 10.Be2 e6 11.Nh3 Be7 12.Bg5 h6 13.Bh4 Rc8 14.O-O O-O 15.Nf4 Bh7
16.Nd3 Nd7 17.Bf2 Na5 18.Na4 Rxc1 19.Qxc1 Nc4 20.b3 Ncb6 21.Nac5 Nxc5 22.Nxc5 Nd7
23.b4 Nxc5 24.bxc5 b6 25.Qa3 bxc5 26.dxc5 Qc7 27.Rc1 Ra8 28.Bg3 e5 29.Qc3 f6
30.c6 Kf8 31.Qb3 Rb8 32.Qxd5 Bg8 33.Qd3 Rb6 34.Qe4 Bxa2 35.f4 Be6 36.fxe5 f5
37.Qc2 Ba3 38.Rf1 Rxc6 39.Qa4 Bc5 40.Bf2 Bd7 41.Rd1 Be7 42.Bxa6 Rc1 43.Qd4 Be6
44.Rxc1 Qxc1+ 45.Bf1 Bc5 46.Qd3 Kg8 47.h3 f4 48.Qa6 Kf7 49.Qb7+ Kg8 50.Qa8+ Kf7
51.exf4 Bxf2+ 52.Kxf2 Qxf4+ 53.Qf3 Qxf3+ 54.Kxf3 Bd5+ 55.Ke3 Ke6 56.Kd4 g5
57.g3 Bb7 58.Be2 Bg2 59.Bg4+ Ke7 60.Bf5 Bc6 61.Ke3  1/2-1/2

[Event "Malaga op"]
[Site "Malaga"]
[Date "1991.??.??"]
[Round "3"]
[White "Granda Zuniga, Julio E"]
[Black "Knoppert, Erik G J"]
[Result "1-0"]
[WhiteElo "2550"]
[BlackElo "2325"]

1.d4 d5 2.c4 c6 3.Nc3 Nf6 4.cxd5 cxd5 5.Bf4 Nc6 6.e3 Bf5 7.Nf3 e6 8.Qb3 Qb6
9.Qxb6 axb6 10.Nh4 Bb4 11.Nxf5 exf5 12.f3 Kd7 13.Bd3 g6 14.O-O Bxc3 15.bxc3 Ra3
16.Rfc1 Rha8 17.Rab1 Rxa2 18.Rxb6 Kc8 19.c4 Ra1 20.Rbb1 Rxb1 21.Rxb1 Ra4
22.Rc1 Kd7 23.Bg5 Nb4 24.Be2 Ke6 25.Rb1 Nd7 26.h4 b6 27.Kf1 Nc6 28.cxd5+ Kxd5
29.Bb5 Ra3 30.e4+ fxe4 31.fxe4+ Kxd4 32.Bxc6 Nc5 33.Bf6+ Ke3 34.Kg1 Nd3 35.Rf1 Ra2
36.Bg7  1-0

[Event "Malaga op"]
[Site "Malaga"]
[Date "1991.??.??"]
[Round "5"]
[White "Granda Zuniga, Julio E"]
[Black "Machulsky, Anatoly D"]
[Result "1/2-1/2"]
[WhiteElo "2550"]
[BlackElo "2555"]

1.d4 d5 2.c4 e6 3.Nc3 c6 4.e3 Nf6 5.Nf3 Nbd7 6.Qc2 Bd6 7.Be2 O-O 8.O-O e5
9.cxd5 cxd5 10.Nb5 Bb8 11.dxe5 Nxe5 12.Bd2 Bg4 13.Bb4 Re8 14.Nxe5 Bxe5 15.Bxg4 Nxg4
16.h3 Qd7 17.Qd3 a6 18.Nc3 Nf6 19.Rad1 Rac8 20.b3 Red8 21.Na4 Rc6 22.Ba5 Bc7
23.Bxc7 Qxc7 24.Qd4 Ne4  1/2-1/2

[Event "Malaga op"]
[Site "Malaga"]
[Date "1991.??.??"]
[Round "7"]
[White "Granda Zuniga, Julio E"]
[Black "Rivas Pastor, Manuel"]
[Result "1/2-1/2"]
[WhiteElo "2550"]
[BlackElo "2450"]

1.d4 d6 2.e4 Nf6 3.f3 g6 4.Be3 c6 5.Nc3 Nbd7 6.Qd2 b5 7.Nh3 Bg7 8.Nf2 O-O
9.Be2 a5 10.O-O Qc7 11.Rac1 Ba6 12.Nb1 e5 13.dxe5 dxe5 14.c4 b4 15.c5 Bxe2
16.Qxe2 Nh5 17.Rfd1 Rfd8 18.Nd2 Nf4 19.Qf1 Bf8 20.g3 Ne6 21.Nd3 Rab8 22.Kh1 Rb5
23.Qg1 Re8 24.Rc4 Ra8 25.f4 exf4 26.gxf4 Re8 27.Nf3 Ng7 28.f5 Nf6 29.Bf4 Qc8
30.Be5 Nfh5 31.Bd6 Rb7 32.Nf2 Kh8 33.Qg5 gxf5 34.e5 f4 35.Rg1 Qf5 36.Ne4 Qxg5
37.Rxg5 h6 38.Rg1 Ne6 39.Nh4 Bg7 40.Nf5 Rg8 41.Ne7 Rxe7 42.Bxe7 Bxe5 43.Rxg8+ Kxg8
44.b3 f3 45.Bh4 Bd4 46.Nd2 f2 47.Kg2 Nhf4+ 48.Kf1 Nd3 49.Ne4 Ne5 50.Rxd4 Nxd4
51.Bf6 Ndf3 52.Kxf2 Ng5 53.Bxg5 hxg5 54.Nxg5 Nd3+ 55.Ke3 Nxc5 56.Nf3  1/2-1/2

[Event "Malaga op"]
[Site "Malaga"]
[Date "1991.??.??"]
[Round "8"]
[White "Granda Zuniga, Julio E"]
[Black "Oll, Lembit"]
[Result "1-0"]
[WhiteElo "2550"]
[BlackElo "2560"]

1.d4 Nf6 2.c4 e6 3.Nc3 Bb4 4.e3 c5 5.Ne2 d5 6.a3 Bxc3+ 7.Nxc3 cxd4 8.exd4 dxc4
9.Bxc4 Nc6 10.Be3 O-O 11.O-O h6 12.Qd3 Ne7 13.Bf4 Ng6 14.Bg3 Bd7 15.Rad1 Rc8
16.Rfe1 Qb6 17.Rd2 Rfd8 18.Ba2 Be8 19.Bb1 Nd5 20.Nxd5 Rxd5 21.Qe3 Ne7 22.Qe4 Nf5
23.Be5 Qd8 24.Ba2 Rb5 25.d5 Bc6 26.Qe2 Rxd5 27.Bxd5 Bxd5 28.Qg4 Qa5 29.Bc3 Qb5
30.Re5 Rc4 31.Rexd5 Qxd5 32.Rxd5 Rxg4 33.Rd8+ Kh7 34.Rd7 Kg6 35.b3 Re4 36.Kf1 f6
37.Rxb7 Nd6 38.Rd7 Nb5 39.Bb2  1-0

[Event "Pamplona"]
[Site "Pamplona"]
[Date "1991.??.??"]
[Round "2"]
[White "Oll, Lembit"]
[Black "Granda Zuniga, Julio E"]
[Result "1-0"]
[WhiteElo "2600"]
[BlackElo "2595"]

1.e4 c5 2.Nf3 Nc6 3.d4 cxd4 4.Nxd4 e6 5.Nb5 d6 6.c4 Nf6 7.N1c3 a6 8.Na3 Be7
9.Be2 O-O 10.O-O b6 11.Be3 Bb7 12.Qb3 Nd7 13.Rad1 Nc5 14.Qc2 Bf6 15.Nab1 Qe7
16.a3 a5 17.Nb5 Rfd8 18.N1c3 a4 19.Rd2 Na5 20.Bxc5 bxc5 21.Nxa4 Nc6 22.Nac3 Be5
23.f4 Nd4 24.Qd3 Bf6 25.Kh1 Rab8 26.Nxd4 Bxd4 27.Nb5 Bf6 28.Rfd1 Bc6 29.a4 Qb7
30.Bf3 Qb6 31.Qe2 Be7 32.h3 g6 33.b3 Qa5 34.Rd3 Bxb5 35.axb5 Bf6 36.Rxd6 Rxd6
37.Rxd6 Bd4 38.e5 Qc3 39.g3 g5 40.f5 exf5 41.e6 fxe6 42.Rxe6 Rf8 43.Kg2 f4
44.Re7 Rf7 45.Re8+ Kg7 46.b6 Qa1 47.Qd1 Qa2+ 48.Re2 Qa6 49.Re6 Qa2+ 50.Qe2 Qa1
51.Qe1 Qa2+ 52.Re2 Qxb3 53.b7 Be3 54.gxf4 g4 55.hxg4 Bxf4 56.Qa1+ Kg6 57.Re6+ Kg5
58.Re5+  1-0

[Event "Pamplona"]
[Site "Pamplona"]
[Date "1991.??.??"]
[Round "5"]
[White "Granda Zuniga, Julio E"]
[Black "Illescas Cordoba, Miguel"]
[Result "0-1"]
[WhiteElo "2595"]
[BlackElo "2545"]

1.d4 d5 2.c4 c6 3.Nc3 e6 4.Nf3 Nf6 5.e3 Nbd7 6.Qc2 Bd6 7.Be2 O-O 8.O-O e5
9.cxd5 cxd5 10.Nb5 Bb8 11.dxe5 Nxe5 12.Rd1 a6 13.Nc3 Qc7 14.g3 Neg4 15.Bd2 Be6
16.Rac1 Qe7 17.Nd4 h5 18.Na4 Bd6 19.Nf5 Bxf5 20.Qxf5 g6 21.Qf3 Qe6 22.Be1 Rac8
23.Rxc8 Rxc8 24.Nc3 Bb4 25.Bd3 Ne5 26.Qe2 Qh3 27.f3 Bc5 28.Bc2 Re8 29.Kh1 Nc4
30.Nxd5 Nxd5 31.Rxd5 Rxe3 32.Rd8+ Bf8 33.Qf2 h4 34.Bb4 hxg3 35.Rxf8+ Kg7
36.Qg2 Qxg2+ 37.Kxg2 Re2+ 38.Kxg3 Rxc2 39.Rb8 Nxb2 40.Rxb7  0-1

[Event "Pamplona"]
[Site "Pamplona"]
[Date "1991.??.??"]
[Round "6"]
[White "Chernin, Alexander"]
[Black "Granda Zuniga, Julio E"]
[Result "1/2-1/2"]
[WhiteElo "2605"]
[BlackElo "2595"]

1.d4 Nf6 2.c4 e6 3.Nc3 Bb4 4.e3 O-O 5.Ne2 d5 6.a3 Be7 7.Ng3 c5 8.dxc5 Bxc5
9.b4 Be7 10.Bb2 a5 11.b5 dxc4 12.Bxc4 Nbd7 13.O-O Nb6 14.Bd3 e5 15.Qe2 Bg4
16.f3 Be6 17.Rfd1 Qe8 18.Nce4 Nfd7 19.Nf2 f5 20.Rac1 Rc8 21.Rxc8 Qxc8 22.e4 f4
23.Nf5 Bc5 24.Kh1 Qe8 25.g3 fxg3 26.hxg3 Na4 27.Ba1 Bxa3 28.Ng4 Bb4 29.Kg2 Bc3
30.Qc2 Bxa1 31.Qxa4 Bxf5 32.exf5 Bd4 33.Qxa5 Nc5 34.Bb1 Kh8 35.Qb4 b6 36.Qc4 Nd7
37.Be4 Nf6 38.Nxf6 gxf6 39.Qc6 Qe7 40.Rd2 Qb4 41.Re2 Bc5 42.Qd7 Qd4 43.Qxd4  1/2-1/2

[Event "Pamplona"]
[Site "Pamplona"]
[Date "1991.??.??"]
[Round "8"]
[White "Yudasin, Leonid"]
[Black "Granda Zuniga, Julio E"]
[Result "1/2-1/2"]
[WhiteElo "2595"]
[BlackElo "2595"]

1.e4 e5 2.Nf3 Nc6 3.Bc4 Nf6 4.d3 Be7 5.O-O O-O 6.c3 d5 7.exd5 Nxd5 8.Re1 Bg4
9.h3 Bh5 10.Nbd2 Kh8 11.a4 f6 12.a5 Rb8 13.Nf1 Bf7 14.Bb5 Nxa5 15.Rxa5 c6
16.Rxa7 cxb5 17.Ra1 b4 18.c4 Nc7 19.d4 exd4 20.Nxd4 Bc5 21.Be3 Bxc4 22.Rc1 Bxd4
23.Qxd4 Bxf1  1/2-1/2